Nghị định của Chính phủ về việc sửa đổi, bổ sung một số điều của quy chế quản lý đầu tư và xây dựng
Nội dung quy chế quản lý đầu tư và xây dựng: Những qui định chung, chuẩn bị đầu tư, thực hiện dự án đầu tư, kết thúc xây dựng đưa dự án vào khai thác sử dụng, quản lý thực hiện dự án v.v... nghị định số 12/2000/NĐ-CP của chính phủ về v...
Đã lưu trong:
| Formáid: | Leabhar |
|---|---|
| Teanga: | Undetermined |
| Foilsithe: |
Hà Nội
Chính trị Quốc gia
2000
|
| Ábhair: | |
| Clibeanna: |
Cuir Clib Leis
Gan Chlibeanna, Bí ar an gcéad duine leis an taifead seo a chlibeáil!
|
| Thư viện lưu trữ: | Trung tâm Học liệu Trường Đại học Cần Thơ |
|---|
| LEADER | 01212nam a2200181Ia 4500 | ||
|---|---|---|---|
| 001 | CTU_39217 | ||
| 008 | 210402s9999 xx 000 0 und d | ||
| 020 | |c 8000 | ||
| 082 | |a 332.6 | ||
| 082 | |b Ngh300 | ||
| 245 | 0 | |a Nghị định của Chính phủ về việc sửa đổi, bổ sung một số điều của quy chế quản lý đầu tư và xây dựng | |
| 260 | |a Hà Nội | ||
| 260 | |b Chính trị Quốc gia | ||
| 260 | |c 2000 | ||
| 520 | |a Nội dung quy chế quản lý đầu tư và xây dựng: Những qui định chung, chuẩn bị đầu tư, thực hiện dự án đầu tư, kết thúc xây dựng đưa dự án vào khai thác sử dụng, quản lý thực hiện dự án v.v... nghị định số 12/2000/NĐ-CP của chính phủ về việc sửa đổi, bổ sung một số điều của quy chế quản lý đầu tư và xây dựng (Ban hành kèm theo nghị định số 52/999/NĐCP của chính phủ) | ||
| 650 | |a Investments | ||
| 904 | |i Nguyễn Quang Điền, Nguyên sửa | ||
| 980 | |a Trung tâm Học liệu Trường Đại học Cần Thơ | ||